Logo BPK

Biblioteka

Politechniki Koszalińskiej

Denkwege : (Rekord nr 50719)

Szczegóły MARC
000 -ETYKIETA REKORDU
podpole kontrolne o stałej długości 00790nam a2200241 i 4500
001 - NUMER KONTROLNY REKORDU
pole kontrolne bgj
003 - IDENTYFIKATOR NUMERU KONTROLNEGO REKORDU
podpole kontrolne BPK
005 - DATA OSTATNIEJ MODYFIKACJI REKORDU
podpole kontrolne 20230512103134.0
008 - POLE O STAŁEJ DŁUGOŚCI - DANE KONTROLNE
podpole kontrolne o stałej długości 950606s1983 gw |000 0 ger d
020 ## - MIĘDZYNARODOWY ZNORMALIZOWANY NUMER KSIĄŻKI - ISBN
ISBN 349202839X
040 ## - ŹRÓDŁO KATALOGOWANIA
Instytucja, która utworzyła rekord BPK
041 0# - KOD JĘZYKA
Kod języka tekstu ger
080 ## - UNIWERSALNA KLASYFIKACJA DZIESIĘTNA - UKD
UKD 1
100 1# - NAZWA OSOBOWA
Nazwa osobowa Jaspers, Karl
Daty związane z nazwą (1883-1969)
Określenie rodzaju współpracy Autor
245 10 - TYTUŁ/ODPOWIEDZIALNOŚĆ
Tytuł Denkwege :
Ciąg dalszy tytułu eine Lesebuch /
Pozostałe elementy strefy tytułu i oznaczenia odpowiedzialności Karl Jaspers ; Auswahl und Zusammenstellung der Texte von Hans Saner.
260 ## - STREFA ADRESU WYDAWNICZEGO
Miejsce wydania München ;
-- Zürich :
Nazwa wydawcy/dystrybutora R. Piper und Co. Verlag,
Data publikacji, dystrybucji/powstania dokumentu 1983.
300 ## - STREFA OPISU FIZYCZNEGO
Objętość 157 s. ;
Rozmiary 18 cm.
650 #4 - HASŁO PRZEDMIOTOWE W FORMIE NAZWY OGÓLNEJ LUB JEDNOSTKOWEJ
Nazwa ogólna lub geograficzna Filozofia
700 1# - HASŁO DODATKOWE - NAZWA OSOBOWA
Nazwa osobowa Saner, Hans
Daty związane z nazwą (1934- ).
Określenie związku między hasłem a opisywanym materiałem Przedm.
740 10 - HASŁO DODATKOWE - TYTUŁ DOKUMENTU ZWIAZANEGO/TYTUŁ PRACY WSPÓŁWYDANEJ
Tytuł Karl Jaspers Denkwege
856 ## - LOKALIZACJA I DOSTĘP DO ELEKTRONICZNYCH DOKUMENTÓW ZDALNYCH
Link (URL) http://koha.tu.koszalin.pl/cgi-bin/koha/opac-detail.pl?biblionumber=50719
Tekst linku Katalog online BPK
942 ## - DODATKOWE ELEMENTY (KOHA)
Typ dokumentu Książka
Schemat klasyfikacji Uniwersalna Klasyfikacja Dziesiętna
Egzemplarze
Wycofany Status egzemplarza Uszkodzony Dostępność Lokalizacja stała Lokalizacja bieżąca Miejsce przechowywania Sygnatura Kod kreskowy Typ dokumentu
      Dostępny Biblioteka Politechniki Koszalińskiej Biblioteka Politechniki Koszalińskiej Wypożyczalnia Językowa N 854 02436906 Książka
© 2023 Biblioteka Politechniki Koszalińskiej :: KOHA